[Event "BL 0102 (Women)"]
[Site "Germany"]
[Date "2002.03.03"]
[Round "7.5"]
[White "Fichtner, Kathrin"]
[Black "Bader, Katharina"]
[Result "0-1"]
[WhiteElo "2090"]
[BlackElo "2045"]
[PlyCount "83"]
[EventDate "2001.10.27"]
[EventType "team-tourn"]
[EventRounds "11"]
[EventCountry "GER"]
[SourceTitle "EXT 2003"]
[Source "ChessBase"]
[SourceDate "2002.11.25"]
[SourceVersion "1"]
[SourceVersionDate "2002.11.25"]
[SourceQuality "1"]
[WhiteTeam "Rodewisch"]
[BlackTeam "Stuttgart"]
[WhiteTeamCountry "GER"]
[BlackTeamCountry "GER"]

1. d4 d5 2. c4 e6 3. Nf3 Nf6 4. Nc3 a6 5. e3 dxc4 6. Bxc4 b5 7. Bd3 c5 8. dxc5 Bxc5 9. 0-0 Bb7 10. Qc2 Qe7 11. e4 h6 12. a3 0-0 13. e5 Nd5 14. Ne4 Nd7 15. b4 Ba7 16. Qb2 Rfd8 17. Re1 N5b6 18. Bf4 Bxe4 19. Bxe4 Na4 20. Qb3 Rac8 21. Rac1 Ndb6 22. Rc2 Rc4 23. Nd2 Rxc2 24. Bxc2 Nd5 25. Qd3 g6 26. Qg3 Nxf4 27. Qxf4 Nc3 28. Qxh6 Rd4 29. Nf3 Rc4 30. Bd3 Rc7 31. Ng5 Qd8 32. Qh7+ Kf8 33. Bxg6 Qxg5 34. Bh5 Qf4 35. Bf3 Ne2+ 36. Kf1 Nd4 37. Qd3 Qxh2 38. g3 Nxf3 39. Qxf3 Rc2 40. Re2 Rc1+ 41. Re1 Rc2 42. Re2 0-1

[Event "BL 0102 (Women)"]
[Site "Germany"]
[Date "2002.03.02"]
[Round "6.5"]
[White "Boenisch, Annika"]
[Black "Fichtner, Kathrin"]
[Result "0-1"]
[WhiteElo "2070"]
[BlackElo "2090"]
[PlyCount "42"]
[EventDate "2001.10.27"]
[EventType "team-tourn"]
[EventRounds "11"]
[EventCountry "GER"]
[SourceTitle "EXT 2003"]
[Source "ChessBase"]
[SourceDate "2002.11.25"]
[SourceVersion "1"]
[SourceVersionDate "2002.11.25"]
[SourceQuality "1"]
[WhiteTeam "Karlsruhe"]
[BlackTeam "Rodewisch"]
[WhiteTeamCountry "GER"]
[BlackTeamCountry "GER"]

1. d4 Nf6 2. c4 g6 3. Nc3 Bg7 4. e4 d6 5. Be2 0-0 6. Bg5 c6 7. Nf3 a6 8. 0-0 Bg4 9. h3 Bxf3 10. Bxf3 Nbd7 11. Qd2 Rb8 12. Rfe1 Qc7 13. Rad1 Kh8 14. Bf4 e5 15. dxe5 dxe5 16. Be3 Rfd8 17. Qd6 Qxd6 18. Rxd6 Bf8 19. Rd2 Nc5 20. Red1 Rxd2 21. Rxd2 Ne6 0-1

[Event "BL 0001 (Women)"]
[Site "Germany"]
[Date "2001.??.??"]
[Round "11.4"]
[White "Fichtner, Kathrin"]
[Black "Kiefhaber, Veronika"]
[Result "1/2-1/2"]
[WhiteElo "2083"]
[BlackElo "2233"]
[PlyCount "82"]
[EventDate "2000.10.??"]
[EventType "team-tourn"]
[EventRounds "11"]
[EventCountry "GER"]
[SourceTitle "CBM 082 Extra"]
[Source "ChessBase"]
[SourceDate "2001.07.03"]
[SourceVersion "1"]
[SourceVersionDate "2001.07.03"]
[SourceQuality "1"]
[WhiteTeam "Rodewisch (W)"]
[BlackTeam "Karlsruhe (W)"]
[WhiteTeamCountry "GER"]
[BlackTeamCountry "GER"]

1. d4 Nf6 2. c4 g6 3. Nc3 Bg7 4. e4 d6 5. f3 0-0 6. Be3 a6 7. Qd2 Nbd7 8. Nh3 c5 9. Nf2 cxd4 10. Bxd4 b6 11. Be2 Bb7 12. Rc1 Re8 13. 0-0 e6 14. Rfd1 Bf8 15. Be3 Qc7 16. Kh1 Rad8 17. Bg5 Be7 18. b4 Qb8 19. Qb2 Rc8 20. Rd2 Qc7 21. Rdc2 Qb8 22. Ncd1 Nxe4 23. Bxe7 Nxf2+ 24. Nxf2 Rxe7 25. Ng4 e5 26. Rd2 f5 27. Ne3 Nf6 28. Rcd1 Ne8 29. Nd5 Bxd5 30. Rxd5 Qc7 31. c5 dxc5 32. Bxa6 Ra8 33. Bc4 Kg7 34. Re1 Nf6 35. Rdxe5 Rxe5 36. Rxe5 cxb4 37. Re6 Rf8 38. Qxb4 Re8 39. Rxe8 Nxe8 40. Qc3+ Nf6 41. Qd4 f4 1/2-1/2

[Event "Passau op 8th"]
[Site "Passau"]
[Date "2000.04.22"]
[Round "3"]
[White "Fichtner, Kathrin"]
[Black "Campe, Herbert"]
[Result "1-0"]
[WhiteElo "2084"]
[BlackElo "1747"]
[PlyCount "115"]
[EventDate "2000.04.21"]
[EventType "swiss"]
[EventRounds "7"]
[EventCountry "GER"]
[SourceTitle "CBM 076 Extra"]
[Source "ChessBase"]
[SourceDate "2000.07.11"]
[SourceVersion "1"]
[SourceVersionDate "2000.07.11"]
[SourceQuality "1"]

1. d4 Nf6 2. c4 g6 3. Nc3 Bg7 4. e4 d6 5. f3 0-0 6. Be3 Nc6 7. Nge2 e5 8. d5 Ne7 9. Qc2 Ne8 10. Nc1 f5 11. Be2 f4 12. Bf2 g5 13. Nd3 Ng6 14. 0-0-0 b6 15. Kb1 Nf6 16. g3 g4 17. gxf4 gxf3 18. Bxf3 exf4 19. Rhg1 Nd7 20. Bg4 Nde5 21. Nxe5 dxe5 22. Nb5 a6 23. Nc3 Rf7 24. Bh5 Rf6 25. Rg2 Bh3 26. Rgg1 Qd7 27. Bf3 Kh8 28. Qe2 Rg8 29. Rd3 Qe8 30. Bh5 Bd7 31. Bh4 f3 32. Qf2 Rf4 33. Bxg6 hxg6 34. Bg5 Rg4 35. Rxf3 Rxg1+ 36. Qxg1 Rf8 37. Qf2 Kg8 38. Rxf8+ Bxf8 39. Bf6 Qf7 40. Nd1 Bg4 41. Qh4 Bh5 42. Nc3 Bd6 43. Qg5 Kh7 44. Kc2 Qe8 45. a3 Bf3 46. b4 c6 47. Qe3 Bh5 48. Qxb6 Qf8 49. Bh4 cxd5 50. Nxd5 Kh6 51. Qe3+ Kg7 52. c5 Bb8 53. Bf6+ Kh7 54. Be7 Qf7 55. Nf6+ Kg7 56. Nxh5+ gxh5 57. Qg5+ Kh7 58. Qf5+ 1-0

[Event "BL 9900 (Women)"]
[Site "Germany"]
[Date "2000.04.02"]
[Round "11.4"]
[White "Kiefhaber, Veronika"]
[Black "Fichtner, Kathrin"]
[Result "1-0"]
[WhiteElo "2236"]
[BlackElo "2084"]
[PlyCount "141"]
[EventDate "1999.10.16"]
[EventType "team-tourn"]
[EventRounds "11"]
[EventCountry "GER"]
[SourceTitle "CBM 075 Extra"]
[Source "ChessBase"]
[SourceDate "2000.05.11"]
[SourceVersion "2"]
[SourceVersionDate "2000.05.11"]
[SourceQuality "1"]
[WhiteTeam "Karlsruhe"]
[BlackTeam "Rodewisch"]
[WhiteTeamCountry "GER"]
[BlackTeamCountry "GER"]

1. e4 d6 2. d4 Nf6 3. Nc3 g6 4. h3 Bg7 5. Nf3 0-0 6. Be3 c6 7. a4 Qc7 8. a5 Nbd7 9. Be2 Rd8 10. Qc1 e5 11. dxe5 dxe5 12. Bc4 Ne8 13. 0-0 Nd6 14. Bb3 Nf8 15. Bh6 Be6 16. Bxg7 Kxg7 17. Qe3 Nc4 18. Bxc4 Bxc4 19. Rfe1 b6 20. b3 Be6 21. Na4 c5 22. Red1 Nd7 23. Nc3 Nf6 24. Ng5 Qc6 25. axb6 axb6 26. Nxe6+ Qxe6 27. Rxa8 Rxa8 28. Nd5 Rd8 29. c4 h6 30. Ra1 Qc6 31. Ra6 Nd7 32. Qc3 Ra8 33. Qa1 Rxa6 34. Qxa6 Qd6 35. Qb7 h5 36. h4 f5 37. Nxb6 Qxb6 38. Qxd7+ Kf6 39. exf5 gxf5 40. Qh7 Qxb3 41. Qxh5 Qb1+ 42. Kh2 Qe4 43. Qg5+ Kf7 44. h5 f4 45. h6 Qg6 46. Qxe5 Qxh6+ 47. Kg1 f3 48. Qd5+ Ke8 49. gxf3 Qg6+ 50. Kf1 Qb1+ 51. Ke2 Qc2+ 52. Ke3 Qc1+ 53. Ke4 Qe1+ 54. Kf5 Qxf2 55. f4 Qg1 56. Qe5+ Kd8 57. Ke6 Kc8 58. Kd5 Kb7 59. Qe7+ Kb6 60. Qd6+ Kb7 61. Qc6+ Kb8 62. Qxc5 Qg2+ 63. Ke5 Qg7+ 64. Ke6 Qg6+ 65. Kd7 Qf7+ 66. Kc6 Qc7+ 67. Kd5 Qf7+ 68. Ke4 Qh7+ 69. f5 Qh4+ 70. Ke5 Qe1+ 71. Kd6 1-0

[Event "BL 9900 (Women)"]
[Site "Germany"]
[Date "1999.11.14"]
[Round "4.4"]
[White "Duppel, Tina"]
[Black "Fichtner, Kathrin"]
[Result "1-0"]
[WhiteElo "2097"]
[BlackElo "2084"]
[PlyCount "83"]
[EventDate "1999.10.16"]
[EventType "team-tourn"]
[EventRounds "11"]
[EventCountry "GER"]
[SourceTitle "CBM 073 Extra"]
[Source "ChessBase"]
[SourceDate "2000.01.11"]
[SourceVersion "1"]
[SourceVersionDate "2000.01.11"]
[SourceQuality "1"]
[WhiteTeam "Dresden SC (W)"]
[BlackTeam "Rodewisch"]
[WhiteTeamCountry "GER"]
[BlackTeamCountry "GER"]

1. e4 c5 2. Nf3 e6 3. d4 cxd4 4. Nxd4 Qb6 5. Nb3 Qc7 6. Be3 Nf6 7. f3 a6 8. c4 d6 9. Be2 Nbd7 10. Nc3 b6 11. 0-0 Bb7 12. a4 Be7 13. a5 0-0 14. axb6 Nxb6 15. Na5 Rab8 16. Nxb7 Qxb7 17. b4 Ra8 18. Qd4 Nfd7 19. Rfc1 Rfc8 20. Rab1 Bf6 21. Qxd6 Nxc4 22. Bxc4 Rxc4 23. Na4 Rac8 24. Rxc4 Rxc4 25. Nc5 Nxc5 26. Bxc5 h6 27. Rd1 Kh7 28. e5 Rxc5 29. bxc5 Be7 30. Qd3+ g6 31. Rc1 Qc6 32. Kh1 Bg5 33. Rc2 Bf4 34. Qe2 Qc7 35. c6 Bxe5 36. g3 a5 37. Kg2 Bd6 38. Qb5 Kg7 39. Ra2 Kf8 40. Rxa5 h5 41. Ra8+ Ke7 42. Qb7 1-0

[Event "BL 9899 (Women)"]
[Site "Germany"]
[Date "1999.03.28"]
[Round "11.5"]
[White "Fichtner, Kathrin"]
[Black "Schubert, Silke"]
[Result "0-1"]
[WhiteElo "2102"]
[BlackElo "2075"]
[PlyCount "60"]
[EventDate "1998.10.24"]
[EventType "team-tourn"]
[EventRounds "11"]
[EventCountry "GER"]
[SourceTitle "GER-chT"]
[Source "ChessBase"]
[SourceDate "1999.07.01"]
[SourceVersion "1"]
[SourceVersionDate "1999.07.01"]
[SourceQuality "1"]
[WhiteTeam "Rodewisch"]
[BlackTeam "Elberfeld (W)"]
[WhiteTeamCountry "GER"]
[BlackTeamCountry "GER"]

1. d4 Nf6 2. c4 g6 3. Nc3 d6 4. e4 Bg7 5. f3 0-0 6. Be3 e5 7. d5 c6 8. Qd2 Nh5 9. dxc6 Nxc6 10. Nge2 Be6 11. g4 Nf4 12. Nxf4 exf4 13. Bxf4 Ne5 14. Bxe5 Bxe5 15. Bd3 Qf6 16. 0-0 Rac8 17. Nd5 Bxd5 18. cxd5 Bxb2 19. Rab1 Bc3 20. Qe2 Rc7 21. Kh1 Qf4 22. Rb3 Be5 23. Rbb1 Rfc8 24. Rbd1 Rc3 25. Rg1 R8c5 26. g5 Rc1 27. Qg2 Rxd1 28. Rxd1 Rc3 29. Kg1 Qe3+ 30. Qf2 Rxd3 0-1

[Event "BL 9899 (Women)"]
[Site "Germany"]
[Date "1998.11.15"]
[Round "4.4"]
[White "Fichtner, Kathrin"]
[Black "Didenko, Ljudmila"]
[Result "1/2-1/2"]
[WhiteElo "2115"]
[BlackElo "2025"]
[PlyCount "158"]
[EventDate "1998.10.24"]
[EventType "team-tourn"]
[EventRounds "11"]
[EventCountry "GER"]
[SourceTitle "GER-chT"]
[Source "ChessBase"]
[SourceDate "1999.07.01"]
[SourceVersion "1"]
[SourceVersionDate "1999.07.01"]
[SourceQuality "1"]
[WhiteTeam "Rodewisch"]
[BlackTeam "Holsterhausen"]
[WhiteTeamCountry "GER"]
[BlackTeamCountry "GER"]

1. d4 d5 2. c4 c6 3. Nc3 e6 4. Nf3 f5 5. Bf4 Nf6 6. e3 Be7 7. Bd3 0-0 8. Qc2 Ne4 9. h3 Nd7 10. Ne5 Nxe5 11. Bxe5 Bf6 12. Bh2 Qa5 13. 0-0 Bd7 14. a3 Nxc3 15. b4 Qd8 16. Qxc3 Rc8 17. Qd2 Qe8 18. Be2 g5 19. Rac1 Qg6 20. b5 h5 21. bxc6 Bxc6 22. cxd5 Bxd5 23. Rxc8 Rxc8 24. Rc1 Rxc1+ 25. Qxc1 g4 26. hxg4 hxg4 27. Qc8+ Kh7 28. Bb5 Qg7 29. Bd6 Be7 30. Bc5 Bxc5 31. Qxc5 a6 32. Bd3 Kg6 33. Qd6 Qg8 34. Qf4 Qc8 35. e4 Bxe4 36. Bxe4 fxe4 37. Qxg4+ Kf6 38. Qxe4 Qc1+ 39. Kh2 Qh6+ 40. Kg3 Qg5+ 41. Kf3 Qa5 42. Qh4+ Kg6 43. Qg3+ Kf6 44. Ke2 Qb5+ 45. Qd3 Qb2+ 46. Kf3 b5 47. Qe3 b4 48. axb4 Qxb4 49. Qe5+ Kf7 50. Kg4 a5 51. Kh5 a4 52. g4 Qb3 53. Qc7+ Ke8 54. f4 Qd5+ 55. g5 Kf8 56. Qc5+ Qxc5 57. dxc5 a3 58. c6 Ke7 59. g6 a2 60. c7 Kd7 61. g7 Kxc7 62. g8Q a1Q 63. Qxe6 Kd8 64. f5 Qh1+ 65. Kg6 Qg2+ 66. Kf7 Qb7+ 67. Kg8 Qg2+ 68. Qg6 Qd5+ 69. Kh7 Qh1+ 70. Qh6 Qe4 71. Qg5+ Ke8 72. Qg6+ Kf8 73. Qg5 Qb7+ 74. Kh6 Qc6+ 75. Kh5 Qe8+ 76. Kh6 Qc6+ 77. Kh5 Qh1+ 78. Qh4 Qxh4+ 79. Kxh4 Kf7 1/2-1/2

[Event "BL 9899 (Women)"]
[Site "Germany"]
[Date "1998.10.25"]
[Round "2.4"]
[White "Hausmann, Ilka"]
[Black "Fichtner, Kathrin"]
[Result "1/2-1/2"]
[WhiteElo "2170"]
[BlackElo "2100"]
[PlyCount "82"]
[EventDate "1998.10.24"]
[EventType "team-tourn"]
[EventRounds "11"]
[EventCountry "GER"]
[SourceTitle "GER-chT"]
[Source "ChessBase"]
[SourceDate "1999.07.01"]
[SourceVersion "1"]
[SourceVersionDate "1999.07.01"]
[SourceQuality "1"]
[WhiteTeam "Leipzig Gohlis"]
[BlackTeam "Rodewisch"]
[WhiteTeamCountry "GER"]
[BlackTeamCountry "GER"]

1. e4 c5 2. c3 d5 3. exd5 Qxd5 4. d4 Nf6 5. Nf3 e6 6. Be3 Nc6 7. dxc5 Qxd1+ 8. Kxd1 a5 9. Nbd2 Ng4 10. Ne4 Nxe3+ 11. fxe3 f5 12. Nd6+ Bxd6 13. cxd6 Kd7 14. Bc4 Kxd6 15. Kc2 Ke7 16. Rad1 Bd7 17. Rhe1 Rad8 18. a3 Bc8 19. b4 Rxd1 20. Rxd1 Rd8 21. Rxd8 Nxd8 22. Nd4 axb4 23. cxb4 e5 24. Nf3 Kd6 25. g3 h6 26. Nd2 Be6 27. Bf1 Bd5 28. Bh3 g6 29. Kc3 Nf7 30. a4 e4 31. a5 Ne5 32. Kd4 Nc6+ 33. Kc3 Ne5 34. Bg2 Ng4 35. Nf1 Ne5 36. Bh3 Be6 37. Nd2 g5 38. Bg2 Ng4 39. Nf1 Ne5 40. Bh3 Nf3 41. Bg2 Bd7 1/2-1/2

[Event "BL 9798 (Women)"]
[Site "Germany"]
[Date "1998.??.??"]
[Round "?.3"]
[White "Fichtner, Kathrin"]
[Black "Espig, Gesine"]
[Result "0-1"]
[WhiteElo "2115"]
[BlackElo "2065"]
[PlyCount "70"]
[EventDate "1997.10.??"]
[EventType "team-tourn"]
[EventRounds "11"]
[EventCountry "GER"]
[SourceTitle "EXT 1999"]
[Source "ChessBase"]
[SourceDate "1998.11.16"]
[SourceVersion "1"]
[SourceVersionDate "1998.11.16"]
[SourceQuality "1"]
[WhiteTeam "Rodewisch"]
[BlackTeam "Gera"]
[WhiteTeamCountry "GER"]
[BlackTeamCountry "GER"]

1. d4 d5 2. c4 e6 3. Nc3 Nf6 4. cxd5 exd5 5. Bg5 c6 6. e3 Bd6 7. Bd3 Nbd7 8. Qc2 0-0 9. Bxh7+ Kh8 10. Bd3 Re8 11. Nge2 Qc7 12. h3 a6 13. Bf4 Bxf4 14. exf4 Qxf4 15. 0-0 Qh4 16. f4 Nh5 17. Rf3 Ndf6 18. Raf1 Bd7 19. Bf5 g6 20. Bxd7 Nxd7 21. f5 g5 22. Qd2 Ndf6 23. g3 Qxh3 24. Qxg5 Rg8 25. Qh6+ Nh7 26. R1f2 Qg4 27. Nd1 Rae8 28. Ne3 Qg5 29. Qxg5 Nxg5 30. g4 Nxf3+ 31. Rxf3 Nf6 32. Rh3+ Kg7 33. Nf4 Kf8 34. Rg3 Re4 35. Neg2 Rxg4 0-1

[Event "BL 9798 (Women)"]
[Site "Germany"]
[Date "1997.??.??"]
[Round "?.3"]
[White "Fichtner, Kathrin"]
[Black "Delemarre, Isabel"]
[Result "1-0"]
[WhiteElo "2115"]
[BlackElo "2220"]
[PlyCount "53"]
[EventDate "1997.10.??"]
[EventType "team-tourn"]
[EventRounds "11"]
[EventCountry "GER"]
[SourceTitle "EXT 1999"]
[Source "ChessBase"]
[SourceDate "1998.11.16"]
[SourceVersion "1"]
[SourceVersionDate "1998.11.16"]
[SourceQuality "1"]
[WhiteTeam "Rodewisch"]
[BlackTeam "Karlsruhe"]
[WhiteTeamCountry "GER"]
[BlackTeamCountry "GER"]

1. d4 d6 2. c4 e5 3. Nc3 exd4 4. Qxd4 Nc6 5. Qd2 Be6 6. e4 Nf6 7. b3 Be7 8. Bd3 0-0 9. Nge2 Nd7 10. Nd5 Re8 11. 0-0 Bf8 12. Bb2 Nc5 13. Bc2 a5 14. Rae1 a4 15. Qc3 axb3 16. axb3 Bd7 17. Ng3 Ne6 18. Nf5 f6 19. Qg3 Kf7 20. Qh4 Ng5 21. f4 Ra2 22. Nh6+ gxh6 23. Bxf6 Nh3+ 24. gxh3 Qc8 25. Qh5+ Kg8 26. Kh1 Ne7 27. Rg1+ 1-0

[Event "BL 9697 (Women)"]
[Site "Germany"]
[Date "1997.??.??"]
[Round "?"]
[White "Fichtner, Kathrin"]
[Black "Stangl, Anita"]
[Result "1-0"]
[WhiteElo "2140"]
[BlackElo "2165"]
[PlyCount "79"]
[EventDate "1996.10.??"]
[EventType "team-tourn"]
[EventRounds "11"]
[EventCountry "GER"]
[SourceTitle "EXT 2000"]
[Source "ChessBase"]
[SourceDate "1999.11.16"]
[SourceVersion "1"]
[SourceVersionDate "1999.11.16"]
[SourceQuality "1"]

1. d4 e6 2. c4 d5 3. cxd5 exd5 4. Nc3 c6 5. Nf3 Bd6 6. Bg5 Qb6 7. Qd2 Bf5 8. e3 Nd7 9. Nh4 Be6 10. Bd3 h6 11. Bf4 Bxf4 12. exf4 Qxd4 13. Nf3 Qf6 14. 0-0 Ne7 15. Rfe1 0-0 16. h3 Ng6 17. Ne2 Nc5 18. Bxg6 fxg6 19. Rac1 Ne4 20. Qe3 c5 21. Ng3 Qxb2 22. Nxe4 dxe4 23. Qxe4 Rae8 24. Rc2 Qb5 25. Qe5 b6 26. Nd4 Qd3 27. Nxe6 Rf6 28. Nxc5 Rxe5 29. Nxd3 Rd5 30. Ne5 Kh7 31. Rc6 Rd2 32. Rxf6 gxf6 33. Nc6 Rxa2 34. Re7+ Kg8 35. Rxa7 Rb2 36. Rb7 b5 37. g3 Kf8 38. Kg2 g5 39. fxg5 hxg5 40. Nd4 1-0

[Event "BL 9697 (Women)"]
[Site "Germany"]
[Date "1997.??.??"]
[Round "?"]
[White "Heinatz, Gundula"]
[Black "Fichtner, Kathrin"]
[Result "1/2-1/2"]
[WhiteElo "2205"]
[BlackElo "2140"]
[PlyCount "28"]
[EventDate "1996.10.??"]
[EventType "team-tourn"]
[EventRounds "11"]
[EventCountry "GER"]
[SourceTitle "EXT 2000"]
[Source "ChessBase"]
[SourceDate "1999.11.16"]
[SourceVersion "1"]
[SourceVersionDate "1999.11.16"]
[SourceQuality "1"]

1. d4 Nf6 2. c4 g6 3. Nc3 Bg7 4. Nf3 d6 5. g3 0-0 6. Bg2 c6 7. 0-0 Qc7 8. e4 e5 9. d5 c5 10. Bd2 a6 11. a3 Nbd7 12. Qe2 Rb8 13. Rfc1 b6 14. b4 Ne8 1/2-1/2

[Event "BL 9697 (Women)"]
[Site "Germany"]
[Date "1996.??.??"]
[Round "?"]
[White "Delemarre, Isabel"]
[Black "Fichtner, Kathrin"]
[Result "1-0"]
[WhiteElo "2145"]
[BlackElo "2140"]
[PlyCount "65"]
[EventDate "1996.10.??"]
[EventType "team-tourn"]
[EventRounds "11"]
[EventCountry "GER"]
[SourceTitle "EXT 2000"]
[Source "ChessBase"]
[SourceDate "1999.11.16"]
[SourceVersion "1"]
[SourceVersionDate "1999.11.16"]
[SourceQuality "1"]

1. e4 c5 2. c3 d5 3. exd5 Qxd5 4. d4 Nf6 5. Nf3 Nc6 6. Be3 Bg4 7. c4 Qh5 8. d5 Bxf3 9. gxf3 Ne5 10. Be2 Ned7 11. Nc3 Qe5 12. Qd2 a6 13. 0-0-0 Qc7 14. Bf4 Qa5 15. Rhe1 Nh5 16. Bf1 f6 17. Bd6 Kd8 18. Bg3 g6 19. Bh3 Nxg3 20. Bxd7 Kxd7 21. fxg3 h5 22. Qe3 Qb4 23. Qe6+ Kc7 24. d6+ Kb8 25. dxe7 Bh6+ 26. f4 Ka7 27. Qf7 Rhe8 28. Qxg6 Bxf4+ 29. gxf4 Qxc4 30. Qe4 Qf7 31. Rd7 Rab8 32. Nd5 f5 33. Qe3 1-0

[Event "BL 9697 (Women)"]
[Site "Germany"]
[Date "1996.??.??"]
[Round "?"]
[White "Fichtner, Kathrin"]
[Black "Weng, Annegret"]
[Result "0-1"]
[WhiteElo "2140"]
[BlackElo "2085"]
[PlyCount "78"]
[EventDate "1996.10.??"]
[EventType "team-tourn"]
[EventRounds "11"]
[EventCountry "GER"]
[SourceTitle "EXT 2000"]
[Source "ChessBase"]
[SourceDate "1999.11.16"]
[SourceVersion "1"]
[SourceVersionDate "1999.11.16"]
[SourceQuality "1"]

1. d4 Nf6 2. c4 g6 3. Nc3 Bg7 4. e4 d6 5. f3 0-0 6. Be3 c5 7. dxc5 dxc5 8. Qxd8 Rxd8 9. Bxc5 Nc6 10. Rd1 Nd7 11. Be3 b6 12. Nge2 Ba6 13. b3 Nc5 14. Kf2 Nd3+ 15. Kg3 e6 16. Na4 Ndb4 17. Rxd8+ Rxd8 18. Nec3 Nd4 19. Bxd4 Bxd4 20. Be2 Kf8 21. Rd1 Ke7 22. f4 Nc2 23. Bf3 f5 24. e5 g5 25. fxg5 Bxe5+ 26. Kh4 Nd4 27. Kh5 Bg7 28. g6 hxg6+ 29. Kxg6 Be5 30. Re1 Rg8+ 31. Kh7 Rh8+ 32. Kg6 Kd6 33. c5+ bxc5 34. Nxc5 Bc8 35. N3a4 Rxh2 36. Nb7+ Bxb7 37. Bxb7 Bf4 38. Nb2 Kc7 39. Ba6 Rxg2+ 0-1

[Event "BL 9697 (Women)"]
[Site "Germany"]
[Date "1996.??.??"]
[Round "?"]
[White "Jaracz, Barbara"]
[Black "Fichtner, Kathrin"]
[Result "1/2-1/2"]
[WhiteElo "2165"]
[BlackElo "2140"]
[PlyCount "49"]
[EventDate "1996.10.??"]
[EventType "team-tourn"]
[EventRounds "11"]
[EventCountry "GER"]
[SourceTitle "EXT 2000"]
[Source "ChessBase"]
[SourceDate "1999.11.16"]
[SourceVersion "1"]
[SourceVersionDate "1999.11.16"]
[SourceQuality "1"]

1. e4 c5 2. Nf3 e6 3. d4 cxd4 4. Nxd4 a6 5. Nc3 Qc7 6. g3 Nc6 7. Bg2 Nf6 8. 0-0 Be7 9. Re1 0-0 10. Nxc6 dxc6 11. e5 Nd5 12. Qg4 f5 13. exf6 Bxf6 14. Ne4 Bd4 15. c3 Nf6 16. Nxf6+ Bxf6 17. Be3 Qa5 18. Qc4 Qb5 19. Qb3 Qxb3 20. axb3 e5 21. Bb6 Bf5 22. Be4 Be6 23. c4 Rfe8 24. Rad1 Bd8 25. Bc5 1/2-1/2

[Event "BL 9495 (Women)"]
[Site "Germany"]
[Date "1995.03.18"]
[Round "10.3"]
[White "Fichtner, Kathrin"]
[Black "Hund, Isabel"]
[Result "1-0"]
[WhiteElo "2070"]
[BlackElo "2120"]
[PlyCount "85"]
[EventDate "1994.10.01"]
[EventType "team-tourn"]
[EventRounds "11"]
[EventCountry "GER"]
[SourceTitle "EXT 1997"]
[Source "ChessBase"]
[SourceDate "1996.11.15"]
[SourceVersion "1"]
[SourceVersionDate "1996.11.15"]
[SourceQuality "1"]
[WhiteTeam "Rodewisch"]
[BlackTeam "Krefeld Turm"]
[WhiteTeamCountry "GER"]
[BlackTeamCountry "GER"]

1. d4 Nf6 2. c4 g6 3. Nc3 Bg7 4. e4 d6 5. f3 0-0 6. Be3 e5 7. d5 c6 8. Bd3 cxd5 9. cxd5 Nh5 10. Nge2 f5 11. Qd2 Nd7 12. 0-0 f4 13. Bf2 a6 14. Rac1 g5 15. b4 Ndf6 16. Na4 g4 17. Kh1 g3 18. hxg3 fxg3 19. Nxg3 Nxg3+ 20. Bxg3 Nh5 21. Bh2 Rf6 22. Qg5 Nf4 23. Rfd1 Qe8 24. Nb6 Rg6 25. Qh4 Nxg2 26. Qf2 Bh3 27. Nxa8 Qxa8 28. Bf1 Qd8 29. Rc3 Nf4 30. Qc2 Qh4 31. Bxh3 Nxh3 32. Rc8+ Bf8 33. Rf1 b5 34. Qe2 Kg7 35. Rc7+ Kg8 36. Rc3 Be7 37. Qe1 Qh5 38. Qd1 Qh4 39. Qe1 Qh5 40. Qe3 Bg5 41. Qa7 Bd8 42. Qd7 Qh4 43. Rc8 1-0

[Event "BL 9596 (Women)"]
[Site "Germany"]
[Date "1995.??.??"]
[Round "?"]
[White "Mueller, Andrea"]
[Black "Fichtner, Kathrin"]
[Result "1-0"]
[WhiteElo "2110"]
[BlackElo "2140"]
[PlyCount "89"]
[EventDate "1995.10.??"]
[EventType "team-tourn"]
[EventRounds "11"]
[EventCountry "GER"]
[SourceTitle "EXT 1999"]
[Source "ChessBase"]
[SourceDate "1998.11.16"]
[SourceVersion "1"]
[SourceVersionDate "1998.11.16"]
[SourceQuality "1"]

1. d4 Nf6 2. c4 e6 3. Nf3 b6 4. g3 Bb7 5. Bg2 Be7 6. 0-0 0-0 7. Nc3 Ne4 8. Qc2 Nxc3 9. Qxc3 f5 10. Ne1 Bxg2 11. Nxg2 Bf6 12. Qd3 Nc6 13. e3 Qe8 14. Nf4 g5 15. Ng2 Bg7 16. Bd2 Qh5 17. Bc3 Rf6 18. h4 Rh6 19. Qd1 Qg6 20. hxg5 Qxg5 21. Qf3 Rf8 22. Nf4 Qg4 23. Qxg4 fxg4 24. Nd3 d6 25. Rad1 Nd8 26. Kg2 Bf6 27. Rh1 Rxh1 28. Rxh1 Bg5 29. Nf4 h6 30. a4 Kh7 31. a5 Bxf4 32. gxf4 Kg6 33. Kg3 h5 34. axb6 axb6 35. d5 Re8 36. Ra1 exd5 37. cxd5 Nf7 38. Re1 Re4 39. f3 gxf3 40. Kxf3 Rc4 41. Rg1+ Kh6 42. Bg7+ Kh7 43. Bf6 Nh8 44. Rg7+ Kh6 45. Rd7 1-0

[Event "BL 9495 (Women)"]
[Site "Germany"]
[Date "1994.10.22"]
[Round "3.3"]
[White "Fichtner, Kathrin"]
[Black "Borriss, Claudia"]
[Result "1-0"]
[WhiteElo "2070"]
[BlackElo "2125"]
[PlyCount "83"]
[EventDate "1994.10.01"]
[EventType "team-tourn"]
[EventRounds "11"]
[EventCountry "GER"]
[SourceTitle "EXT 1997"]
[Source "ChessBase"]
[SourceDate "1996.11.15"]
[SourceVersion "1"]
[SourceVersionDate "1996.11.15"]
[SourceQuality "1"]
[WhiteTeam "Rodewisch"]
[BlackTeam "Halle USV"]
[WhiteTeamCountry "GER"]
[BlackTeamCountry "GER"]

1. d4 Nf6 2. c4 e6 3. Nf3 b6 4. a3 Bb7 5. Nc3 Be7 6. d5 d6 7. e4 e5 8. Be2 0-0 9. 0-0 Nbd7 10. b4 c5 11. Ne1 b5 12. cxb5 Qc7 13. bxc5 Nxc5 14. f3 Rac8 15. Bd2 Nfd7 16. Nd3 f5 17. Nb4 Rf7 18. Nc6 Rcf8 19. Qc2 f4 20. Na4 Bxc6 21. bxc6 Nxa4 22. Qxa4 Qb6+ 23. Kh1 Nc5 24. Qb4 Qc7 25. Rab1 Rf6 26. Rfc1 Rh6 27. Qa5 Bd8 28. Qxc7 Bxc7 29. Bb4 Na4 30. Bb5 Nb6 31. a4 Rhf6 32. a5 Na8 33. Ba6 Bd8 34. Be1 Nc7 35. Be2 R6f7 36. Rb7 Na8 37. Rcb1 g5 38. Rxf7 Kxf7 39. Rb7+ Kg6 40. Rxa7 Nc7 41. Bb4 Ne8 42. Rb7 1-0